Manual of Malayan timbers

Bibliographic Details
Main Author: DESCH Harold Ernest
Format: Book
Published: Kuala Lumpur : Forest Dept. , 1957
Series:Malaya Forest Record; n.15
Subjects:

MARC

LEADER 00000cam a2200000 7i4500
001 0000000503
005 20011204.0
090 0 0 |a MR582.1609595   |b DES 1957 
100 1 0 |a DESCH   |h H. E. [  |q Harold Ernest] 
245 1 0 |a Manual of Malayan timbers   |c by H.E. Desch 
260 0 0 |a Kuala Lumpur :   |b Forest Dept. ,   |c 1957 
300 |a 2vols. :   |b plates ;   |c 25 cm. 
440 0 0 |a Malaya Forest Record; n.15 
650 0 0 |a Forests and forestry   |z Malaysia 
650 0 0 |a Timber   |z Malaysia 
998 |a JPSM 
999 |a 0000001629   |b Monograph   |c Reference   |e Default branch 
999 |a 0000001630   |b Monograph   |c Reference   |e Default branch